Sila slova slúži nášmu cieľu

Podrobná bibliografia
Hlavný autor: Podhradská, Marta, 1949-2023 (Autor)
Médium: Článok
Jazyk:slovenčina
Fyzický popis:Fot. 1.
Predmet:

MARC

LEADER 00000nab a2200000 a 4500
001 vtls000203025
003 SK-MaSNL
005 20260304181658.0
008 150202c1984 xo 0 slo
015 |a SNBRB19rr/mm-uuuuu 
035 |a CL0213138 
040 |a SNKBUCL  |b slo  |c SNKBUCL  |e AACR2 
041 0 |a slo 
044 |a xo  |c SK 
080 |a 885.4-5  |2 1981 
100 1 |a Podhradská, Marta,  |d 1949-2023  |4 aut  |9 241942 
245 1 0 |a Sila slova slúži nášmu cieľu  |c Marta Podhradská 
300 |b Fot. 1. 
650 0 7 |a slovenská literatúra  |2 snkbucl  |9 1115 
655 7 |a články z novín a časopisov  |2 snkbucl  |9 267496 
655 7 |a články z odboru literárna veda a krásna literatúra  |2 snkbucl  |9 770045 
773 0 |t Nová cesta  |g Roč. 6, č. 12 (1984), s. 10 
850 |a Slovenská národná knižnica v Martine  |a MTA001 
852 |a SNK  |b KIS3GCP 
958 |a RK 
958 |a LX 
992 |a RBX 
999 |c 3025336  |d 3027266